000 00706nam a2200229Ii 4500
003 JO-AjNU
005 20240629113027.0
008 230605s9999||||xx |||||||||||||| ||und||
040 _aJO-AjNU
_bara
_erda
_cJO-AjNU
041 _aara
050 1 4 _aLB1043.5.D5
100 3 _aالذيب،محمد يوسف,
_eauthor
_98039
245 0 0 _aطرق تدريس الوسائل التعليمية بالمدارس
250 _aط4
264 3 1 _aالقاهرة:دار المعارف
300 _a303ص
336 _atext
_btxt
_2rdacontent
337 _aunmediated
_bn
_2rdamedia
338 _avolume
_bnc
_2rdacarrier
650 4 _aالوسائل التعليمية-طرق التدريس
_98040
942 _2lcc
_cBK
999 _c4153
_d4153